| 000 | 01428cam a22003134a 4500 | ||
|---|---|---|---|
| 001 | 12641577 | ||
| 003 | ARRUPE | ||
| 005 | 20140204170828.0 | ||
| 008 | 020111s2002 inu b 001 0 eng | ||
| 010 | _a 2002000263 | ||
| 020 | _a0268022720 (alk. paper) | ||
| 020 | _a0268022739 (pbk. : alk. paper) | ||
| 040 |
_aDLC _cDLC _dDLC |
||
| 042 | _apcc | ||
| 050 | 0 | 0 |
_aBT755 _b.L48 2002 |
| 082 | 0 | 0 |
_a234 _221 |
| 100 | 1 |
_aLevering, Matthew, _d1971- _97893 |
|
| 245 | 1 | 0 |
_aChrist's fulfillment of Torah and temple : _bsalvation according to Thomas Aquinas / _cMatthew Levering. |
| 260 |
_aNotre Dame, Ind. : _bUniversity of Notre Dame Press, _cc2002. |
||
| 300 |
_aviii, 254 p. ; _c24 cm. |
||
| 504 | _aIncludes bibliographical references (p. 207-236) and index. | ||
| 505 | 0 | _aThe fulfillment of Israel's Torah -- Divine law and divine pedagogy -- Incarnate wisdom in Israel -- The cross of Jesus Christ -- The fulfillment of Israel's temple -- To the image of the Firstborn Son -- Israel, the church, and the mystical body of Christ -- The heavenly Jerusalem. | |
| 600 | 0 | 0 |
_aThomas, _cAquinas, Saint, _d1225?-1274. _97894 |
| 610 | 2 | 0 |
_aCatholic Church _xDoctrines. _97895 |
| 650 | 0 |
_aSalvation. _97896 |
|
| 906 |
_a7 _bcbc _corignew _d1 _eecip _f20 _gy-gencatlg |
||
| 942 |
_2lcc _cMONOGRAPH |
||
| 999 |
_c119925 _d119925 |
||